书目信息 |
| 题名: |
二千年间
|
|
| 作者: | 胡绳 著 | |
| 分册: | ||
| 出版信息: | 南京 江苏人民出版社 2019 |
|
| 页数: | 21,227页 | |
| 开本: | 20cm | |
| 丛书名: | 含章文库 | |
| 单 册: | ||
| 中图分类: | K220.9 | |
| 科图分类: | ||
| 主题词: | 中国历史--古代史--通俗读物 | |
| 电子资源: | ||
| ISBN: | 978-7-214-23434-6 | |
| 000 | 00837nam0 2200253 450 | |
| 001 | 012001006151 | |
| 005 | 20131015172417.0 | |
| 010 | @a978-7-214-23434-6@dCNY39.80 | |
| 100 | @a20190819d2019 em y0chiy50 ea | |
| 101 | 0 | @achi |
| 102 | @aCN@b320000 | |
| 105 | @aa z 000yy | |
| 106 | @ar | |
| 200 | 1 | @a二千年间@9er qian nian jian@b专著@e新编增订本@f胡绳著 |
| 210 | @a南京@c江苏人民出版社@d2019 | |
| 215 | @a21,227页@c图@d20cm | |
| 225 | 1 | @a含章文库@i大家谈 |
| 300 | @a凤凰含章 | |
| 330 | @a本书跳出了以时间顺序列举史实的传统体系,从皇权、官僚、军队、农民等角度,分析自秦朝到清末两千年间封建专制制度的建立、发展到崩溃的历史命运。 | |
| 606 | 0 | @a中国历史@x古代史@j通俗读物 |
| 690 | @aK220.9@v5 | |
| 701 | 0 | @a胡绳@9hu sheng@f(1918.1-2000.11)@4著 |
| 801 | 2 | @aCN@b上海新华@c20191020 |
| 905 | @b1098989-92@dK220.9@e134@f4 | |
| 二千年间:新编增订本/胡绳著.-南京:江苏人民出版社,2019 |
| 21,227页:图;20cm.-(含章文库.大家谈) |
| 凤凰含章 |
| ISBN 978-7-214-23434-6:CNY39.80 |
| 本书跳出了以时间顺序列举史实的传统体系,从皇权、官僚、军队、农民等角度,分析自秦朝到清末两千年间封建专制制度的建立、发展到崩溃的历史命运。 |
| ● |
| 相关链接 |
|
|
|
|
正题名:二千年间
索取号:K220.9/134
 
预约/预借
| 序号 | 登录号 | 条形码 | 馆藏地/架位号 | 状态 | 备注 |
| 1 | 1098989 | 210989894 | 第二样本阅览室/ [索取号:K220.9/134] | 在馆 | |
| 2 | 1098990 | 210989901 | 第二借阅区/ [索取号:K220.9/134] | 在馆 | |
| 3 | 1098991 | 210989910 | 第二借阅区/ [索取号:K220.9/134] | 在馆 | |
| 4 | 1098992 | 210989929 | 第二借阅区/ [索取号:K220.9/134] | 在馆 |